| 000 | 00786nam a2200241 i 4500 | ||
|---|---|---|---|
| 003 | DO-SdBNP | ||
| 005 | 20240117075641.0 | ||
| 006 | a||||fr|||| 00| 0 | ||
| 007 | ta | ||
| 008 | 240117q1960 dr ||||| z||| 00| 0 spa d | ||
| 040 |
_aDO-SdBNP _bspa _cBNPHU _erda |
||
| 082 | 4 |
_222 _bE96d |
|
| 245 | 0 | 0 |
_aExilio Dominicano: _bdocumento. |
| 264 |
_a[República Dominicana] _b[sin editora] _c[1960] |
||
| 300 |
_a[3] hojas ; _c28 cm. |
||
| 336 |
_2rdacontent _atexto _btxt |
||
| 337 |
_2rdamedia _asin mediación _bn |
||
| 338 |
_2rdacarrier _avolumen _bnc |
||
| 500 | _aTítulo tomado de la portada. | ||
| 505 |
_aPrograma mínimo. _tObjetivos Inmediatos.-- _tEn lo Político _tEn lo Económico.-- _tEn lo Social.-- _tEn lo Internacional. |
||
| 590 | _aInventariado 2023 / MF | ||
| 942 |
_2ddc _cLF2 |
||
| 999 |
_c55699 _d55699 |
||